=LDR 00000nam 2200000 4500 =001 INLIS000000000043431 =005 20131008103313 =008 ***********************************ind** =035 ##$$0010-101300000001353 =041 ##$$a ind =082 ##$$a 823 =090 ##$$a 823, Ben s =100 ##$$a BENNETT, Mavgot =245 ##$$a That summei's earthquahe, Mavgot Bennett =260 ##$$a Eyre $b London =300 ##$$a 251 hlm, 32 cm =650 ##$$a FIKSI-INGGRIS =850 ##$$a NBPNMAT